Estadísticas para Países que más Visitan el Reino Unido

Haz click aquí para intentar la prueba.

Estadísticas generales

  • Esta prueba ha sido intentada 1.050 veces
  • La puntuación promedio es 12 de 14

Estadísticas de respuestas

# de visitantesPaís% Correcto
2.40 MEspaña
98%
3.46 MEstados Unidos
98%
4.06 MFrancia
98%
3.34 MAlemania
96%
1.99 MItalia
94%
2.90 MIrlanda
93%
0.828 MCanadá
91%
2.06 MPaíses Bajos
86%
0.821 MSuecia
86%
1.05 MBélgica
85%
1.92 MPolonia
81%
0.982 MAustralia
79%
0.940 MSuiza
78%
0.730 MDinamarca
76%

Distribución de puntuación

Porcentaje por número respondido

Porcentaje de gente con cada puntuación

Historial de tus puntuaciones

No has intentado esta prueba.